[Event "XXVII RUS-chT Premier 2020"]
[Site "Sochi"]
[Date "2020.11.20"]
[Round "2.2"]
[White "Kardashevskiy, Evgeny"]
[Black "Sakaev, Konstantin"]
[Result "1/2-1/2"]
[WhiteElo "2436"]
[BlackElo "2612"]
[Annotator "ChessBase"]
[PlyCount "81"]
[EventDate "2020.11.19"]
[EventType "team-tourn"]
[EventCountry "RUS"]
[SourceTitle "playchess.com"]
[Source "ChessBase"]
[SourceQuality "1"]
[TimeControl "40/5400+30:1800+30"]

1. d4 {[%emt 0:00:00]} Nf6 {[%emt 0:00:00]} 2. c4 {[%emt 0:00:00]} e6 {[%emt 0:00:00]} 3. Nc3 {[%emt 0:00:00]} Bb4 {[%emt 0:00:23]} 4. Qc2 {[%emt 0:00:19]} O-O {[%emt 0:01:51]} 5. e4 {[%emt 0:00:47]} d6 {[%emt 0:02:41]} 6. e5 {[%emt 0:00:23]} Nfd7 {[%emt 0:05:12]} 7. Nf3 {[%emt 0:00:59]} h6 {[%emt 0:08:53]} 8. Be3 {[%emt 0:12:23]} dxe5 {[%emt 0:10:11]} 9. dxe5 {[%emt 0:02:28]} Nc6 {[%emt 0:00:42]} 10. Rd1 {[%emt 0:13:18]} Qe7 {[%emt 0:15:02]} 11. a3 {[%emt 0:03:57]} Bxc3+ {[%emt 0:04:22]} 12. Qxc3 {[%emt 0:02:06]} b6 {[%emt 0:01:52]} 13. h4 {[%emt 0:15:10]} Bb7 {[%emt 0:04:18]} 14. Bd3 {[%emt 0:02:45]} f6 {[%emt 0:07:17]} 15. exf6 {[%emt 0:03:47]} Nxf6 {[%emt 0:00:38]} 16. Bc2 {[%emt 0:04:46]} Rad8 {[%emt 0:05:46]} 17. O-O {[%emt 0:02:55]} Qf7 {[%emt 0:02:33]} 18. Ne5 {[%emt 0:09:55]} Nxe5 {[%emt 0:12:22]} 19. Qxe5 {[%emt 0:00:14]} Ng4 {[%emt 0:00:11]} 20. Qg3 {[%emt 0:00:57]} Nxe3 {[%emt 0:00:05]} 21. fxe3 {[%emt 0:05:15]} Rxd1 {[%emt 0:00:53]} 22. Rxd1 {[%emt 0:00:09]} Bc6 {[%emt 0:03:06]} 23. Bd3 {[%emt 0:08:52]} e5 {[%emt 0:03:11]} 24. Rf1 {[%emt 0:01:16]} Qe7 {[%emt 0:01:13]} 25. Rxf8+ {[%emt 0:00:38]} Kxf8 {[%emt 0:00:11]} 26. Qg6 {[%emt 0:00:54]} Qf6 {[%emt 0:02:24]} 27. Qxf6+ {[%emt 0:00:51]} gxf6 {[%emt 0:00:05]} 28. Kf2 {[%emt 0:01:01]} Ke7 {[%emt 0:00:09]} 29. g3 {[%emt 0:00:49]} Bb7 {[%emt 0:01:41]} 30. Ke1 {[%emt 0:00:30]} Kd6 {[%emt 0:00:15]} 31. Kd2 {[%emt 0:00:28]} c5 {[%emt 0:00:16]} 32. Bf5 {[%emt 0:01:07]} a5 {[%emt 0:00:10]} 33. Kc3 {[%emt 0:00:58]} Bc6 {[%emt 0:00:08]} 34. Kd2 {[%emt 0:00:16]} Bb7 {[%emt 0:00:05]} 35. Kc3 {[%emt 0:00:04]} Bc6 {[%emt 0:00:05]} 36. Kd2 {[%emt 0:00:03]} Bb7 {[%emt 0:00:06]} 37. Kc3 {[%emt 0:00:02]} Bc6 {[%emt 0:00:05]} 38. Kd2 {[%emt 0:00:02]} Bb7 {[%emt 0:00:06]} 39. Kc3 {[%emt 0:00:03]} Bc6 {[%emt 0:00:05]} 40. Kd2 {[%emt 0:00:00]} Bb7 {[%emt 0:00:00]} 41. Kc3 {[%emt 0:00:05]} 1/2-1/2

[Event "XXVII RUS-chT Premier 2020"]
[Site "Sochi"]
[Date "2020.11.20"]
[Round "2.3"]
[White "Khairullin, Ildar"]
[Black "Musalov, Ruslan"]
[Result "1-0"]
[WhiteElo "2618"]
[BlackElo "2348"]
[Annotator "ChessBase"]
[PlyCount "49"]
[EventDate "2020.11.19"]
[EventType "team-tourn"]
[EventCountry "RUS"]
[SourceTitle "playchess.com"]
[Source "ChessBase"]
[SourceQuality "1"]
[TimeControl "40/5400+30:1800+30"]

1. e4 {[%emt 0:00:00]} e5 {[%emt 0:00:04]} 2. Nf3 {[%emt 0:00:00]} Nc6 {[%emt 0:00:13]} 3. Bb5 {[%emt 0:00:00]} Nf6 {[%emt 0:00:10]} 4. d3 {[%emt 0:00:00]} Ne7 {[%emt 0:03:21]} 5. Bc4 {[%emt 0:02:05]} c6 {[%emt 0:03:02]} 6. Nc3 {[%emt 0:00:14]} Ng6 {[%emt 0:02:02]} 7. d4 {[%emt 0:21:35]} b5 {[%emt 0:49:08]} 8. dxe5 {[%emt 0:04:12]} bxc4 {[%emt 0:03:06]} 9. exf6 {[%emt 0:00:07]} Qxf6 {[%emt 0:00:13]} 10. Bg5 {[%emt 0:15:01]} Qe6 {[%emt 0:03:11]} 11. O-O {[%emt 0:09:50]} f6 {[%emt 0:12:28]} 12. Be3 {[%emt 0:06:27]} Ne5 {[%emt 0:02:46]} 13. Nd4 {[%emt 0:00:19]} Qg4 {[%emt 0:00:09]} 14. Qd2 {[%emt 0:14:28]} Bb4 {[%emt 0:01:45]} 15. f4 {[%emt 0:00:30]} Nf7 {[%emt 0:08:12]} 16. Rf3 {[%emt 0:06:36]} Nd6 {[%emt 0:00:19]} 17. e5 {[%emt 0:05:31]} Nf5 {[%emt 0:04:27]} 18. exf6 {[%emt 0:04:07]} gxf6 {[%emt 0:00:34]} 19. Qe2 {[%emt 0:00:39]} Nh4 {[%emt 0:01:37]} 20. Bf2+ {[%emt 0:00:29]} Kd8 {[%emt 0:01:47]} 21. Bxh4 {[%emt 0:00:45]} Qxh4 {[%emt 0:00:04]} 22. Rd1 {[%emt 0:01:53]} Kc7 {[%emt 0:01:32]} 23. Qxc4 {[%emt 0:00:11]} Ba5 {[%emt 0:00:34]} 24. Nd5+ {[%emt 0:01:58]} Kb7 {[%emt 0:00:20]} 25. Nf5 {[%emt 0:00:22]} 1-0

[Event "XXVII RUS-chT Premier 2020"]
[Site "Sochi"]
[Date "2020.11.20"]
[Round "2.4"]
[White "Truskavetsky, Alexandr"]
[Black "Ponkratov, Pavel"]
[Result "1/2-1/2"]
[WhiteElo "2399"]
[BlackElo "2625"]
[Annotator "ChessBase"]
[PlyCount "82"]
[EventDate "2020.11.19"]
[EventType "team-tourn"]
[EventCountry "RUS"]
[SourceTitle "playchess.com"]
[Source "ChessBase"]
[SourceQuality "1"]
[TimeControl "40/5400+30:1800+30"]

1. d4 {[%emt 0:00:00]} Nf6 {[%emt 0:00:00]} 2. Nf3 {[%emt 0:00:00]} g6 {[%emt 0:01:47]} 3. g3 {[%emt 0:00:28]} Bg7 {[%emt 0:00:05]} 4. Bg2 {[%emt 0:00:07]} O-O {[%emt 0:00:08]} 5. O-O {[%emt 0:00:17]} d5 {[%emt 0:00:05]} 6. c4 {[%emt 0:00:43]} Nc6 {[%emt 0:00:43]} 7. cxd5 {[%emt 0:11:31]} Nxd5 {[%emt 0:00:06]} 8. e4 {[%emt 0:00:23]} Nb6 {[%emt 0:00:07]} 9. d5 {[%emt 0:00:28]} Na5 {[%emt 0:00:33]} 10. Nc3 {[%emt 0:01:39]} c6 {[%emt 0:00:17]} 11. Bf4 {[%emt 0:18:05]} cxd5 {[%emt 0:09:48]} 12. exd5 {[%emt 0:01:37]} Nac4 {[%emt 0:00:31]} 13. Qe2 {[%emt 0:02:30]} Bg4 {[%emt 0:08:36]} 14. Rac1 {[%emt 0:06:19]} Rc8 {[%emt 0:01:13]} 15. h3 {[%emt 0:01:05]} Bxf3 {[%emt 0:09:44]} 16. Bxf3 {[%emt 0:03:38]} Nd6 {[%emt 0:00:36]} 17. Rfe1 {[%emt 0:10:47]} Bf6 {[%emt 0:11:29]} 18. Ne4 {[%emt 0:02:07]} Nxe4 {[%emt 0:01:35]} 19. Qxe4 {[%emt 0:00:35]} Rxc1 {[%emt 0:10:52]} 20. Rxc1 {[%emt 0:04:01]} Nc8 {[%emt 0:01:31]} 21. Qb4 {[%emt 0:07:37]} Nd6 {[%emt 0:00:18]} 22. Be3 {[%emt 0:09:42]} a5 {[%emt 0:04:36]} 23. Qb3 {[%emt 0:03:05]} h5 {[%emt 0:08:12]} 24. g4 {[%emt 0:01:35]} hxg4 {[%emt 0:01:35]} 25. hxg4 {[%emt 0:00:08]} Qd7 {[%emt 0:00:56]} 26. Qb6 {[%emt 0:01:08]} Rc8 {[%emt 0:02:05]} 27. Rxc8+ {[%emt 0:01:59]} Qxc8 {[%emt 0:00:06]} 28. b3 {[%emt 0:01:28]} Qc3 {[%emt 0:02:29]} 29. Kg2 {[%emt 0:01:33]} Kg7 {[%emt 0:01:06]} 30. Qc5 {[%emt 0:02:00]} Qe1 {[%emt 0:01:07]} 31. Qc7 {[%emt 0:00:49]} g5 {[%emt 0:05:53]} 32. Qc1 {[%emt 0:01:38]} Qxc1 {[%emt 0:00:22]} 33. Bxc1 {[%emt 0:00:02]} Nb5 {[%emt 0:00:09]} 34. Bd2 {[%emt 0:01:22]} b6 {[%emt 0:00:06]} 35. Be3 {[%emt 0:00:55]} Nd4 {[%emt 0:00:07]} 36. Bxd4 {[%emt 0:01:32]} Bxd4 {[%emt 0:00:05]} 37. a4 {[%emt 0:00:44]} Kf6 {[%emt 0:00:05]} 38. Be2 {[%emt 0:00:11]} Ke5 {[%emt 0:00:04]} 39. Bc4 {[%emt 0:00:11]} f6 {[%emt 0:00:03]} 40. f3 {[%emt 0:00:00]} Bc5 {[%emt 0:00:00]} 41. Kg3 {[%emt 0:00:21]} Bd6 {[%emt 0:00:09]} 1/2-1/2

[Event "XXVII RUS-chT Premier 2020"]
[Site "Sochi"]
[Date "2020.11.20"]
[Round "2.5"]
[White "Goganov, Aleksey"]
[Black "Alexeev, Alexey"]
[Result "1-0"]
[WhiteElo "2602"]
[BlackElo "2246"]
[Annotator "ChessBase"]
[PlyCount "53"]
[EventDate "2020.11.19"]
[EventType "team-tourn"]
[EventCountry "RUS"]
[SourceTitle "playchess.com"]
[Source "ChessBase"]
[SourceQuality "1"]
[TimeControl "40/5400+30:1800+30"]

1. d4 {[%emt 0:00:00]} d5 {[%emt 0:00:00]} 2. c4 {[%emt 0:00:00]} c6 {[%emt 0:00:00]} 3. Nf3 {[%emt 0:00:00]} Nf6 {[%emt 0:00:00]} 4. Nc3 {[%emt 0:00:00]} e6 {[%emt 0:00:20]} 5. Bg5 {[%emt 0:01:43]} dxc4 {[%emt 0:01:06]} 6. e4 {[%emt 0:00:13]} b5 {[%emt 0:00:17]} 7. e5 {[%emt 0:00:11]} h6 {[%emt 0:00:16]} 8. Bh4 {[%emt 0:00:07]} g5 {[%emt 0:00:37]} 9. Nxg5 {[%emt 0:00:26]} hxg5 {[%emt 0:00:19]} 10. Bxg5 {[%emt 0:00:04]} Nbd7 {[%emt 0:00:10]} 11. g3 {[%emt 0:01:07]} Qb6 {[%emt 0:00:28]} 12. exf6 {[%emt 0:00:06]} Bb7 {[%emt 0:00:25]} 13. Bg2 {[%emt 0:00:06]} O-O-O {[%emt 0:01:04]} 14. O-O {[%emt 0:00:06]} c5 {[%emt 0:01:09]} 15. d5 {[%emt 0:00:06]} b4 {[%emt 0:03:03]} 16. Rb1 {[%emt 0:05:50]} Qa6 {[%emt 0:01:20]} 17. dxe6 {[%emt 0:07:48]} Bxg2 {[%emt 0:04:18]} 18. e7 {[%emt 0:00:43]} Bxe7 {[%emt 0:08:57]} 19. fxe7 {[%emt 0:00:15]} Rdg8 {[%emt 0:00:09]} 20. Kxg2 {[%emt 0:04:32]} Qe6 {[%emt 0:16:31]} 21. h4 {[%emt 0:11:27]} f6 {[%emt 0:14:46]} 22. Re1 {[%emt 0:02:17]} Qc6+ {[%emt 0:08:01]} 23. Qd5 {[%emt 0:00:10]} Kb7 {[%emt 0:07:43]} 24. Qxc6+ {[%emt 0:00:14]} Kxc6 {[%emt 0:00:07]} 25. Re6+ {[%emt 0:00:04]} Kb7 {[%emt 0:00:22]} 26. Ne4 {[%emt 0:00:15]} fxg5 {[%emt 0:00:16]} 27. e8=Q {[%emt 0:00:16]} 1-0

[Event "XXVII RUS-chT Premier 2020"]
[Site "Sochi"]
[Date "2020.11.20"]
[Round "2.6"]
[White "Linker, Mikhail"]
[Black "Shimanov, Aleksandr"]
[Result "0-1"]
[WhiteElo "2269"]
[BlackElo "2593"]
[Annotator "ChessBase"]
[PlyCount "104"]
[EventDate "2020.11.19"]
[EventType "team-tourn"]
[EventCountry "RUS"]
[SourceTitle "playchess.com"]
[Source "ChessBase"]
[SourceQuality "1"]
[TimeControl "40/5400+30:1800+30"]

1. d4 {[%emt 0:00:00]} g6 {[%emt 0:00:21]} 2. e4 {[%emt 0:01:52]} d6 {[%emt 0:01:09]} 3. Nf3 {[%emt 0:01:42]} Nf6 {[%emt 0:01:19]} 4. Nc3 {[%emt 0:00:08]} Bg7 {[%emt 0:00:15]} 5. Be2 {[%emt 0:00:46]} O-O {[%emt 0:00:27]} 6. h3 {[%emt 0:01:10]} a6 {[%emt 0:03:17]} 7. a4 {[%emt 0:01:32]} Nc6 {[%emt 0:05:13]} 8. Be3 {[%emt 0:01:59]} b6 {[%emt 0:02:11]} 9. O-O {[%emt 0:06:42]} Bb7 {[%emt 0:01:32]} 10. d5 {[%emt 0:05:49]} Nb4 {[%emt 0:01:42]} 11. Nd4 {[%emt 0:02:51]} c6 {[%emt 0:02:20]} 12. dxc6 {[%emt 0:01:01]} Nxc6 {[%emt 0:00:06]} 13. Nb3 {[%emt 0:03:42]} Rc8 {[%emt 0:03:46]} 14. f4 {[%emt 0:08:23]} Nd7 {[%emt 0:09:55]} 15. Bf3 {[%emt 0:14:40]} Nc5 {[%emt 0:01:57]} 16. Re1 {[%emt 0:06:58]} Nb4 {[%emt 0:15:35]} 17. Nxc5 {[%emt 0:11:22]} bxc5 {[%emt 0:06:26]} 18. Rb1 {[%emt 0:03:38]} Nc6 {[%emt 0:12:50]} 19. Ne2 {[%emt 0:01:17]} e5 {[%emt 0:00:30]} 20. c3 {[%emt 0:04:17]} exf4 {[%emt 0:02:26]} 21. Nxf4 {[%emt 0:00:12]} Ne5 {[%emt 0:01:40]} 22. Nd5 {[%emt 0:02:54]} Re8 {[%emt 0:04:25]} 23. Rf1 {[%emt 0:03:44]} Qh4 {[%emt 0:02:34]} 24. Qe2 {[%emt 0:06:15]} Bxd5 {[%emt 0:05:53]} 25. exd5 {[%emt 0:00:08]} Nc4 {[%emt 0:04:31]} 26. Bg5 {[%emt 0:00:20]} Rxe2 {[%emt 0:00:36]} 27. Bxh4 {[%emt 0:00:01]} Rxb2 {[%emt 0:00:06]} 28. Rxb2 {[%emt 0:01:22]} Nxb2 {[%emt 0:00:33]} 29. Be2 {[%emt 0:07:13]} Nxa4 {[%emt 0:01:36]} 30. Bxa6 {[%emt 0:00:08]} Ra8 {[%emt 0:00:29]} 31. Bb7 {[%emt 0:01:08]} Rb8 {[%emt 0:00:16]} 32. Bc6 {[%emt 0:00:06]} Nxc3 {[%emt 0:00:09]} 33. Re1 {[%emt 0:00:19]} Rb1 {[%emt 0:03:04]} 34. Rxb1 {[%emt 0:00:37]} Nxb1 {[%emt 0:00:03]} 35. Bg3 {[%emt 0:00:36]} Bf8 {[%emt 0:04:48]} 36. Kf2 {[%emt 0:00:46]} Nd2 {[%emt 0:00:22]} 37. Ke2 {[%emt 0:00:31]} Nc4 {[%emt 0:01:56]} 38. Kd3 {[%emt 0:00:37]} Ne5+ {[%emt 0:01:21]} 39. Bxe5 {[%emt 0:01:16]} dxe5 {[%emt 0:00:04]} 40. Ke4 {[%emt 0:00:00]} Bd6 {[%emt 0:00:00]} 41. g4 {[%emt 0:05:15]} Kg7 {[%emt 0:01:08]} 42. Be8 {[%emt 0:05:55]} Kf6 {[%emt 0:02:34]} 43. h4 {[%emt 0:03:06]} Ke7 {[%emt 0:08:04]} 44. Bb5 {[%emt 0:00:42]} h5 {[%emt 0:02:44]} 45. gxh5 {[%emt 0:00:41]} f5+ {[%emt 0:00:26]} 46. Ke3 {[%emt 0:00:10]} gxh5 {[%emt 0:00:10]} 47. Be2 {[%emt 0:00:08]} Kf6 {[%emt 0:00:22]} 48. Bxh5 {[%emt 0:01:02]} e4 {[%emt 0:00:18]} 49. Bd1 {[%emt 0:01:36]} Ke5 {[%emt 0:00:37]} 50. Bb3 {[%emt 0:00:08]} f4+ {[%emt 0:00:17]} 51. Ke2 {[%emt 0:03:10]} Kd4 {[%emt 0:02:08]} 52. h5 {[%emt 0:00:13]} Bf8 {[%emt 0:01:11]} 0-1

[Event "XXVII RUS-chT Premier 2020"]
[Site "Sochi"]
[Date "2020.11.20"]
[Round "2.7"]
[White "Najer, Evgeniy"]
[Black "Andreikin, Dmitry"]
[Result "1/2-1/2"]
[WhiteElo "2648"]
[BlackElo "2726"]
[Annotator "TA"]
[PlyCount "81"]
[EventDate "2020.11.19"]
[EventType "team-tourn"]
[EventCountry "RUS"]
[SourceTitle "playchess.com"]
[Source "ChessBase"]
[SourceQuality "1"]

{[%evp 9,81,10,16,4,28,0,0,0,0,0,0,-5,-3,0,0,0,0,0,0,-16,0,-45,-49,-58,-47,-37,-30,-26,-31,-29,-18,-12,-12,-12,-12,-16,-16,-25,-16,-12,-13,-15,-8,-23,-1,-1,0,-6,-8,0,0,0,0,0,0,0,0,0,0,0,0,0,0,0,0,0,0,0,0,0,0,0,0,0]} 1. e4 e5 2. Nf3 Nf6 3. d4 Nxe4 4. dxe5 d5 5. Nbd2 Nxd2 6. Bxd2 {C43: Petroff Defence: 3 d4.} h6 {[#]} 7. b4 $146 ({Predecessor:} 7. Bd3 c5 8. O-O Nc6 9. Re1 Be6 10. c3 Be7 11. Qc2 {½-½ (11) Jobava,B (2566)-Sulypa,O (2492) Istanbul 2003}) 7... c5 8. Bb5+ Nc6 9. O-O Be7 10. bxc5 Bxc5 11. Rb1 O-O 12. Re1 Bg4 13. h3 Bh5 14. Bd3 b6 15. Bf5 Nd4 {And now ...Bxf3 would win.} 16. Bg4 Bxg4 17. hxg4 Ne6 18. Rb3 Rc8 19. Rd3 d4 20. Nh2 Be7 21. Nf3 Qd5 {[#]} 22. Nxd4 $1 {[%mdl 512]} Nxd4 23. c3 {[#]} Ne2+ $1 {[%mdl 576] Discovered Attack} 24. Qxe2 Qxa2 25. Rd7 Bc5 26. Be3 Qe6 27. Rxa7 {The position is equal.} Qxe5 28. Bxc5 Qxc5 29. Rb7 Qc6 30. Qf3 $1 Qxf3 31. gxf3 Rxc3 $11 {[%mdl 4096] Endgame KRR-KRR} 32. Kg2 Rb3 33. Rd1 Rb4 34. Rd6 Rc8 35. Rdxb6 Rxb6 36. Rxb6 {KR-KR} g6 37. Kg3 Rc3 38. Ra6 Kg7 39. Rb6 Rd3 40. Ra6 Rc3 41. Rb6 {Weighted Error Value: White=0.03/Black=0.02} 1/2-1/2

[Event "XXVII RUS-chT Premier 2020"]
[Site "Sochi"]
[Date "2020.11.20"]
[Round "2.8"]
[White "Dreev, Aleksey"]
[Black "Malakhov, Vladimir"]
[Result "1/2-1/2"]
[WhiteElo "2655"]
[BlackElo "2676"]
[Annotator "TA"]
[PlyCount "81"]
[EventDate "2020.11.19"]
[EventType "team-tourn"]
[EventCountry "RUS"]
[SourceTitle "playchess.com"]
[Source "ChessBase"]
[SourceQuality "1"]

{[%evp 9,81,33,34,41,33,29,43,34,33,32,35,45,39,32,24,19,29,0,22,20,20,18,18,22,19,11,1,0,0,2,8,8,8,8,7,5,6,4,10,8,5,2,6,3,8,0,0,-7,0,0,0,0,0,0,0,0,0,0,0,0,0,0,0,0,0,0,0,0,0,0,0,0,0,0]} 1. d4 d5 2. c4 c6 3. Nf3 Nf6 4. e3 Bf5 5. Nc3 a6 6. Ne5 {D15: Slav Defence: 4 Nc3 a6 and gambit lines after 4 Nc3 dxc4.} Nbd7 7. Qb3 Qc7 8. cxd5 {White is slightly better.} Nxe5 9. dxe5 Nxd5 10. Nxd5 cxd5 11. Bd2 Qxe5 12. Rc1 Bd7 13. Qb6 $1 {[%mdl 4] outshines the older 13.Bc3.} Qd6 {The position is equal.} 14. Qxb7 Rb8 15. Qa7 {Rc7 is the strong threat.} Rxb2 16. Bxa6 f6 17. a4 Bxa4 18. Bc3 Rb3 $1 {[#]} 19. O-O $146 ({Predecessor:} 19. Ba5 Bb5 20. Bxb5+ Rxb5 21. O-O Kf7 22. Bc7 Qd7 23. Qa4 Qe8 24. Bg3 Rb7 25. Qd4 {½-½ (32) Shankland,S (2713)-Bogner,S (2584) Biel 2019}) 19... Qb8 20. Qd4 Bb5 $1 {[%cal Rb5a6]} 21. Qxd5 Bxa6 22. Qc6+ $1 {[%mdl 64] [#] Double Attack} Kf7 23. Qxa6 e6 24. Bd4 Ba3 $132 {[%mdl 2048] Black is not holding back} 25. Ra1 Be7 26. Rfc1 Qb5 27. Qxb5 Rxb5 28. Ra7 Rhb8 29. f4 {[#] aiming for Rcc7.} R8b7 30. Rc7 Rxc7 31. Rxc7 $11 {[%mdl 4096] Endgame KRB-KRB} e5 32. fxe5 fxe5 33. Bc3 Rc5 34. Rxc5 Bxc5 35. Bxe5 Bxe3+ {KB-KB} 36. Kf1 g6 37. Ke2 Bb6 38. Kf3 Ke6 39. Bf4 Ba7 40. h3 Bb6 41. g4 {Weighted Error Value: White=0.02/Black=0.02} 1/2-1/2

[Event "XXVII RUS-chT Premier 2020"]
[Site "Sochi"]
[Date "2020.11.20"]
[Round "2.9"]
[White "Predke, Alexandr"]
[Black "Rublevsky, Sergei"]
[Result "1-0"]
[WhiteElo "2696"]
[BlackElo "2653"]
[Annotator "TA"]
[PlyCount "109"]
[EventDate "2020.11.19"]
[EventType "team-tourn"]
[EventCountry "RUS"]
[SourceTitle "playchess.com"]
[Source "ChessBase"]
[SourceQuality "1"]

{[%evp 9,109,18,24,4,15,8,8,22,27,15,11,2,8,10,77,58,114,102,125,85,89,89,89,93,91,84,87,85,83,77,118,107,169,180,170,174,157,155,140,121,112,110,178,178,239,198,185,189,220,214,244,235,259,245,240,235,185,177,270,262,304,315,611,611,611,611,611,611,611,611,614,614,647,639,850,593,768,381,29962,4260,29966,29967,29964,29967,29967,29964,29966,2416,29978,29979,29983,29984,29984,29985,29985,29984,29984,29985,29985,29986,29986,29987]} 1. d4 d5 2. c4 c6 3. Nf3 Nf6 4. g3 Bg4 5. Ne5 Bf5 6. Qb3 {Black should prevent e4. D11: Slav Defence: 3 Nf3 sidelines and 3...Nf6 4 e3 Bg4.} Qb6 7. cxd5 Qxb3 8. axb3 {The position is equal.} Nxd5 9. Bg2 Nb4 10. O-O f6 {[#]} 11. Nc4 $146 {Threatens to win with Nb6!} ({Predecessor:} 11. e4 fxe5 12. exf5 Nc2 13. Ra5 Nxd4 14. Rxe5 Nd7 15. Ree1 Nxf5 16. Na3 g6 17. b4 {1-0 (45) Ambartsumova,K (2364)-Schepetkova,M (2224) Sochi 2019}) 11... Nd7 (11... N8a6 $11 {keeps the balance.}) 12. Nba3 $1 $16 e6 (12... Bg4 $14) 13. Bf4 $1 Kf7 14. Nd6+ Bxd6 15. Bxd6 Nc2 16. Nxc2 Bxc2 17. b4 {Rfc1 is the strong threat.} a6 18. Rfc1 Bg6 19. e4 Rhc8 20. d5 e5 (20... cxd5 $16 21. exd5 e5) 21. dxc6 $1 $18 Rxc6 22. Rxc6 bxc6 23. f3 f5 24. exf5 Bxf5 25. Rc1 Ke6 (25... Bd3 $16 {was called for.} 26. Rxc6 Bb5) 26. Bc7 $1 (26. Rxc6 $6 Kd5 $16) 26... Kd5 (26... Kf7 {was worth a try.} 27. Bf1 (27. Rxc6 Bd3 $16) 27... e4) 27. Rd1+ Kc4 28. Rd6 $1 Kxb4 29. g4 ({Resist} 29. Rxc6 Re8) 29... Ra7 30. Rxc6 Bd3 31. Rc3 {aiming for Bd6+.} Bc4 32. Bd6+ Kb5 33. g5 a5 (33... Bd5 {is a better defense.} 34. Bh3 Bc4) 34. f4 exf4 {[#]} 35. b3 $1 {[%cal Rb3c4]} ({Inferior is} 35. Bxf4 Nc5 $11) 35... Be6 $2 (35... Be2 36. Bxf4 Nc5 37. Rxc5+ Kxc5) 36. Bf1+ Kb6 37. Bxf4 Nc5 {[#]} 38. Rxc5 $1 {[%mdl 512]} Kxc5 {[%mdl 4096] Endgame KRB-KB} 39. Be3+ {[%mdl 64] Skewer} Kd6 {White must now prevent ...Ra8.} 40. Bxa7 Bxb3 41. Bd4 g6 42. Kf2 Ke6 43. Bh3+ (43. Bd3 $142 Kd5 44. Ke3) 43... Kf7 $2 (43... Kd6 $18 44. Ke3 Be6 45. Bxe6 Kxe6) 44. Ke3 a4 45. Bb2 Bc2 46. Kf4 Bb3 47. Ke5 Ke7 48. Bg2 Kf7 49. Bd5+ {White mates.} Kf8 50. Bxb3 axb3 51. Kf6 Kg8 52. h3 Kf8 53. h4 Kg8 54. Ke7 h6 55. Kf6 {Weighted Error Value: White=0.14/Black=0.66} 1-0

[Event "XXVII RUS-chT Premier 2020"]
[Site "Sochi"]
[Date "2020.11.20"]
[Round "2.10"]
[White "Zvjaginsev, Vadim"]
[Black "Esipenko, Andrey"]
[Result "1/2-1/2"]
[WhiteElo "2602"]
[BlackElo "2683"]
[Annotator "TA"]
[PlyCount "55"]
[EventDate "2020.11.19"]
[EventType "team-tourn"]
[EventCountry "RUS"]
[SourceTitle "playchess.com"]
[Source "ChessBase"]
[SourceQuality "1"]

{[%evp 20,55,13,7,19,8,10,11,7,0,0,0,0,3,4,0,0,0,10,0,0,0,0,0,0,0,0,0,0,0,0,0,0,0,0,0,0,0]} 1. Nf3 d5 2. c4 e6 3. d4 Nf6 4. Nc3 Bb4 5. Bg5 h6 6. Bxf6 Qxf6 7. e3 O-O 8. Rc1 dxc4 9. Bxc4 c5 10. O-O cxd4 11. Nxd4 {The position is equal.} Bd7 {D38: Queen's Gambit Declined: Ragozin Defence (4 Nf3 Bb4).} 12. Qb3 Nc6 13. Nxc6 Bxc3 14. Qxc3 {[#] Black must now prevent Ne5.} Bxc6 15. Qxf6 gxf6 16. Rfd1 Rfd8 17. f3 f5 18. Kf2 Kg7 {[#]} 19. Bb3 $146 ({Predecessor:} 19. Be2 Kf6 20. Rxd8 Rxd8 21. Rd1 Rxd1 22. Bxd1 b6 23. a3 Bb5 24. Bc2 Bc6 25. Bd1 Bb5 26. Bc2 Bc6 {½-½ (26) Ding,L (2812)-Giri,A (2797) Shamkir 2019}) 19... Kf6 20. Rxd8 Rxd8 $11 {[%mdl 4096] Endgame KRB-KRB} 21. Rd1 Rc8 22. Rc1 Rd8 23. Rd1 Rc8 24. Rc1 Rd8 25. Rd1 Rc8 26. Rc1 Rd8 27. Rd1 Rc8 28. Rc1 {An uneventful encounter.  Weighted Error Value: White=0.02/Black=0.01} 1/2-1/2

[Event "XXVII RUS-chT Premier 2020"]
[Site "Sochi"]
[Date "2020.11.20"]
[Round "2.11"]
[White "Inarkiev, Ernesto"]
[Black "Potkin, Vladimir"]
[Result "1/2-1/2"]
[WhiteElo "2661"]
[BlackElo "2583"]
[Annotator "TA"]
[PlyCount "82"]
[EventDate "2020.11.19"]
[EventType "team-tourn"]
[EventCountry "RUS"]
[SourceTitle "playchess.com"]
[Source "ChessBase"]
[SourceQuality "1"]

{[%evp 17,82,0,0,-2,20,-7,25,-9,13,15,15,0,39,0,0,0,0,0,0,0,0,0,0,0,9,12,9,10,10,10,11,11,13,-12,-15,-14,0,0,0,0,0,0,0,0,0,0,0,0,0,0,0,0,0,0,0,-5,-6,-20,-20,-20,-8,-8,-8,-8,-8,-8,-8]} 1. d4 d5 2. c4 c6 3. Nf3 Nf6 4. Nc3 e6 5. g3 dxc4 6. Bg2 Nbd7 7. a4 Bb4 8. O-O O-O 9. Qc2 Qe7 10. a5 {E01: Catalan: Early deviations.} e5 11. a6 {[#]} bxa6 $146 ({Predecessor:} 11... b5 12. Nxe5 Nxe5 13. dxe5 Qxe5 14. Bxc6 Bf5 15. e4 Bh3 16. Bxa8 Bxf1 17. Kxf1 Rxa8 {½-½ (26) Hartl,H (2339)-Weber,K (2333) GER email 2016}) 12. Bg5 {White has an edge.} Bb7 (12... h6 $5 {[%cal Rh6g5]} 13. dxe5 Nxe5 14. Nxe5 Qxe5 $15) 13. Ne4 exd4 14. Nxd4 Qe5 {[#] White must now prevent ...Nxe4.} 15. Rfd1 Nxe4 {The position is equal.} 16. Bf4 $1 {[%cal Rf4e5]} Qc5 17. Qxe4 {Hoping for Ne6.} Nf6 18. Qe5 Rae8 19. Qxc5 Bxc5 20. e3 Nd5 {[#]} 21. Nxc6 $1 {[%mdl 512]} Nxf4 (21... Bxc6 22. Bxd5) 22. gxf4 Bxc6 23. Bxc6 Rb8 24. Rd2 Rfd8 25. Rad1 Be7 26. Bd5 Rbc8 27. Bb7 Rxd2 28. Rxd2 $11 {[%mdl 4096] Endgame KRB-KRB} Rc7 29. Bxa6 Bf6 30. Kg2 g6 31. e4 c3 32. bxc3 Bxc3 33. Rd5 Kg7 34. Kf3 Bb4 35. e5 Bc5 36. Bb5 Bb6 37. Rd7 Rxd7 38. Bxd7 Kf8 39. f5 Ke7 40. Bc8 Bd4 41. Ke4 Bxf2 {Not much happened in this game.  Weighted Error Value: White=0.05/Black=0.05} 1/2-1/2